Ricostruisci la Carriera del Calciatore - Mário Rui - Statistics

Statistiche generali
  • Questo quiz è stato fatto 4 volte
  • Il punteggio medio è 5 su 6
Statistiche sulle risposte
Hint Risposta % Corretto
2010-2011 Fátima
100%
2016-2017 Roma
100%
2011-2012 Gubbio
75%
2017- Napoli
75%
2012-2013 Spezia
75%
2013-2016 Empoli
50%
Nessun quiz corrispondente trovato
Distribuzione punteggi
Percentuale di utenti per punteggio
Percentile per numero di risposta
I tuoi punteggi nel tempo
Non hai fatto questo quiz